Porovnanie účinnosti rôznych metód podávania molekulárneho vodíka na poškodenie kardiovaskulárneho systému voľnými skupinami kyslíka
Salvato in:
| Autore principale: | |
|---|---|
| Altri autori: | |
| Natura: | Manoscritto Libro |
| Lingua: | slovacco |
| Pubblicazione: |
2023
|
| Soggetti: | |
| Accesso online: | http://is.stuba.sk/zp/portal_zp.pl?podrobnosti=169579 |
| Tags: |
Nessun Tag, puoi essere il primo ad aggiungerne!!
|
MARC
| LEADER | 00000ntm a22000003a 4500 | ||
|---|---|---|---|
| 001 | stuzp93425 | ||
| 003 | SK-STU | ||
| 005 | 20230909215018.2 | ||
| 007 | ta | ||
| 008 | 150427s2015----xo-----f-mn---000-0-slo-d | ||
| 040 | |a STU |b slo | ||
| 041 | 0 | |a slo | |
| 100 | 1 | |a Gura, Jakub |u 043000 |4 aut |U FCHPT Fakulta chemickej a potravinárskej technológie |T FCHPT Ústav biochémie a mikrobiológie |X 93520 |U C3000 |Y 101 |7 93520 | |
| 242 | 0 | 1 | |a Comparison of the effectiveness of different methods of molecular hydrogen administration on damage to the cardiovascular system by free oxygen groups |y eng |
| 245 | 1 | 0 | |a Porovnanie účinnosti rôznych metód podávania molekulárneho vodíka na poškodenie kardiovaskulárneho systému voľnými skupinami kyslíka |
| 260 | |c 2023 | ||
| 650 | 4 | |a ionizujúce žiarenie |2 slo | |
| 650 | 4 | |a kardiovaskulárny systém |2 slo | |
| 650 | 4 | |a molekulárny vodík |2 slo | |
| 650 | 4 | |a oxidačný stres |2 slo | |
| 650 | 4 | |a antioxidant |2 slo | |
| 650 | 4 | |a antioxidant |2 eng | |
| 650 | 4 | |a ionizing radiation |2 eng | |
| 650 | 4 | |a cardiovascular system |2 eng | |
| 650 | 4 | |a molecular hydrogen |2 eng | |
| 650 | 4 | |a oxidatiive stress |2 eng | |
| 700 | 1 | |a Kura, Branislav |4 ths |X 70557 |7 70557 | |
| 856 | 4 | |u http://is.stuba.sk/zp/portal_zp.pl?podrobnosti=169579 | |